000 00678nam a2200193 i 4500
001 83057
003 ES-MaACL
005 20230906174755.0
007 t|
008 041115m19571960sp ||||1| spa d
245 0 0 _aEstadística de los Tribunales tutelares de menores /
_cInstituto Nacional de Estadística.
260 _aMadrid :
_bINE,
_c[1957-1960]
300 _a3 v. ;
_c27 cm.
500 _aPrecede al tít.: Presidencia del Gobierno.
650 4 _aTribunales de menores-
_zEspaña-
_vEstadísticas.
_9162454
710 1 _aEspaña.
_bPresidencia del Gobierno.
_93951
710 2 _aInstituto Nacional de Estadística (España)
_95162
852 _aES-MaACL
_jP-604
_bR.41859
999 _c83057
_d83057